[Event "European Corporate 2nd"]
[Site "Minsk"]
[Date "2019.08.30"]
[Round "4.5"]
[White "Teper, Yuri"]
[Black "Makhianov, Vadim"]
[Result "0-1"]
[WhiteElo "2155"]
[BlackElo "2224"]
[PlyCount "70"]
[EventDate "2019.08.30"]
[EventType "team-swiss"]
[EventRounds "9"]
[EventCountry "BLR"]
[SourceTitle "EXT 2020"]
[Source "ChessBase"]
[SourceDate "2019.10.17"]
[SourceVersion "1"]
[SourceVersionDate "2019.10.17"]
[SourceQuality "1"]
[WhiteTeam "BGPU"]
[BlackTeam "Gazprom"]
[WhiteTeamCountry "BLR"]
[BlackTeamCountry "RUS"]

1. e4 a6 2. d4 b5 3. Nf3 Bb7 4. Bd3 d6 5. 0-0 Nd7 6. Qe2 e5 7. a4 c6 8. b3 Ne7 9. Bb2 Ng6 10. dxe5 dxe5 11. g3 Bc5 12. Nc3 0-0 13. Nd1 Qb6 14. Ne3 Bxe3 15. fxe3 Rfe8 16. Ng5 Re7 17. Rae1 h6 18. Nf3 Nf6 19. Ba3 c5 20. Nh4 Nxh4 21. gxh4 Nxe4 22. Qg4 Nf6 23. Bxc5 Qxc5 24. Rxf6 e4 25. Bf1 Qc3 26. Re2 Qxf6 27. Rg2 Rd8 28. axb5 axb5 29. Qe2 Re5 30. Qe1 Rf5 31. Be2 b4 32. Bc4 Ba6 33. Rd2 Rxd2 34. Qxd2 Bxc4 35. bxc4 Qg6+ 0-1

[Event "European Corporate 2nd"]
[Site "Minsk"]
[Date "2019.08.30"]
[Round "3.6"]
[White "Varin, Ilja"]
[Black "Teper, Yuri"]
[Result "0-1"]
[WhiteElo "2000"]
[BlackElo "2155"]
[PlyCount "78"]
[EventDate "2019.08.30"]
[EventType "team-swiss"]
[EventRounds "9"]
[EventCountry "BLR"]
[SourceTitle "EXT 2020"]
[Source "ChessBase"]
[SourceDate "2019.10.17"]
[SourceVersion "1"]
[SourceVersionDate "2019.10.17"]
[SourceQuality "1"]
[WhiteTeam "Kaspersky"]
[BlackTeam "BGPU"]
[WhiteTeamCountry "FRA"]
[BlackTeamCountry "BLR"]

1. c4 e6 2. Nf3 d5 3. g3 c6 4. Bg2 Nf6 5. 0-0 Be7 6. b3 0-0 7. d4 Ne4 8. Bb2 f5 9. Nbd2 Nd7 10. Ne1 Bb4 11. Nxe4 fxe4 12. f3 exf3 13. Bxf3 Bd6 14. e4 dxe4 15. Bxe4 Nf6 16. Bd3 b6 17. Qe2 Qc7 18. Nf3 Bd7 19. Ne5 Rae8 20. Rad1 Bc8 21. Bc2 c5 22. Ng4 cxd4 23. Bxd4 Bc5 24. Nxf6+ gxf6 25. Qg4+ Kh8 26. Qh5 e5 27. Bf2 Bb7 28. Bf5 Re7 29. Qh6 Rg7 30. Be3 Qc6 31. Bh3 Qh1+ 32. Kf2 Qxh2+ 33. Ke1 Qxg3+ 34. Bf2 Bb4+ 35. Rd2 Bxd2+ 36. Kxd2 Rd8+ 37. Kc2 Qd3+ 38. Kc1 Qc3+ 39. Kb1 Be4# 0-1